01047nab a22002537a 4500999001500000003000400015005001700019008004100036040000700077100002800084245009500112260007200207300001300279500003900292505008900331650002600420650003100446650003600477650004000513650003000553700005400583773014300637942001300780 c5912d5912OSt20260110021513.0190605e xxu||||| |||| 00| 0 spa d cPJ 94584aMansilla, Alberto10aDiscapacidad y derecho del trabajo /cAlberto Mansilla, María Eugenia González Soler.  aCiudad Autónoma de Buenos Aires :bThomson Reuters La Ley,c2023. ap. 72-75 aCita: TR LALEY AR/DOC/2536/2023.  t¿Te interesa el texto completo? Solicitalo al correo: koha@justierradelfuego.gov.ar 091316aDERECHO LABORAL 091803aRELACIONES LABORALES 093271aPERSONAS CON DISCAPACIDAD 094695aSITUACIÓN DE VULNERABILIDAD 091323aCONTRATO DE TRABAJO 96776aGonzález Soler, María Eugenia ecoautor0 0271193168dCiudad Autónoma de Buenos Aires : Thomson Reuters La Ley, 1999-2002.tRevista de derecho del trabajo. Nº 6 - Noviembre 2023 2udccANA